Jak dobrze znasz postaci z gier. - Statystyki

Ogólne statystyki
  • Ten quiz został rozwiązany 807 razy
  • Średni wynik to 7 z 15
Statystyki odpowiedzi
Hint Odpowiedź % Poprawnych
Główny bohater serii Wiedźmin Geralt z Rivii
86%
Główna bohaterka serii Tomb Raider Lara Croft
86%
Hydraulik w czerwonych ogrodniczkach Mario
84%
Żółta kulka zbierająca punkty rozmieszczone po mapie i unikająca duchów Pac Man
77%
Występuje w serii gier mortal kombat włada mocą lodu Sub-Zero
57%
Jest alegorią przemocy posiada białą skórę i czerwone tatuaże w ostatniej odsłonie gry poznaliśmy jego syna Kratos
49%
Płatny morderca główny bohater serii gier Hitman Agent 47
45%
Wariat,fanatyk zabijania i jedna z 3 głównych postaci w jednej z odsłon GTA Trevor Philips
45%
Samurai władający technikami wiatru Yasuo
37%
Postać z gry League of Legends posiadająca skórkę wzorowaną polskimi oddziałami husarii Xin Zhao
36%
Potężna czarno włosa czarodziejka ukochana Geralta Yennefer z Vengerbergu
36%
Uzbrojona w bliźniacze pistolety pulsacyjne, energetyczne bomby czasowe. Smuga
16%
Pierwszy oprych którego dostajemy w grze Darkest Dungeon Dismas
9%
Posiada mroczny sekret, szybko ścina drzewa. Nie rozstaje się ze swoją siekierą Lucy Woodie
8%
Jego strzały mają wiele zastosowań: mogą ujawniać przeciwników lub rozpadać się na mniejsze pociski, które rażą wiele celów. Henzo
1%
Nie znaleziono quizów pasujących do podanych kryteriów
Rozkład punktacji
Procent ludzi z każdym wynikiem
Percentyl według liczby udzielonych odpowiedzi
Twoja historia wyników
Nie rozwiązałeś tego quizu